Fill in the blank - Star Wars: A New Hope's Crawl - Statistics

General Stats
  • This quiz has been taken 31 times
  • The average score is 6 of 10
Answer Stats
Opening Crawl % Correct
{Princess} Leia races home aboard her starship,
86%
{Rebel} spaceships, striking from a hidden base,
79%
the {Death} {Star},
79%
It is a period of {civil} war.
71%
have won their first {victory} against the evil Galactic Empire.
61%
and restore {freedom} to the galaxy....
43%
custodian of the strolen plans that can save her {people}
43%
During the battle, Rebel spies managed to steal secret plans to the Empire's {ultimate} weapon,
43%
Pursued by the Empire's sinister {agents},
39%
an {armored} space station with enough power to destroy an entire planet.
36%
No matching quizzes found
Score Distribution
Percent of People with Each Score
Percentile by Number Answered
Your Score History
You have not taken this quiz